000 005620000a22001810004500
090 _aAR
_b01303
245 1 0 _aBats from french Guania: a taxonomic, faunistic and ecological approach
650 1 4 _aTaxonomía animal
_98245
650 1 4 _aDispersión de semillas
_992588
650 1 4 _aEcología de poblaciones
_93557
650 1 4 _aMurciélagos
_92659
651 4 _pGuyana francesa
_992749
041 0 _aInglés
700 1 _aCharles Dominique, Pierre
_994598
100 1 _aBrosset, A.
_994599
942 _cARTICULO
773 1 _tMammalia
_3204
_h4
_q509-560
_d1990
_g54
999 _c10388
_d10388